Indice alfabético de los nombres de los principales personajes que se encuentran en la Colección de Documentos Inéditos para la Historia de Chile
שמור ב:
| פורמט: | ספר |
|---|---|
| שפה: | ספרדית |
| יצא לאור: |
Santiago
Imprenta de Enrique Blanchard-Chessi
1907
|
| מהדורה: | 1a. ed |
| נושאים: | |
| תגים: |
הוספת תג
אין תגיות, היה/י הראשונ/ה לתייג את הרשומה!
|
MARC
| LEADER | 00000nam a2200000 a 4500 | ||
|---|---|---|---|
| 001 | UCJ6084 | ||
| 003 | CL-VaPUC | ||
| 005 | 20230110121856.0 | ||
| 008 | 070124e19070000CL |||||||||||||||||spa|d | ||
| 999 | |c 322192 |d 322190 | ||
| 040 | |c Pontificia Universidad Católica de Valparaíso | ||
| 082 | 0 | 4 | |a 983 |b MED |2 21 |
| 245 | 1 | 0 | |a Indice alfabético de los nombres de los principales personajes que se encuentran en la Colección de Documentos Inéditos para la Historia de Chile |
| 250 | |a 1a. ed | ||
| 260 | |a Santiago |b Imprenta de Enrique Blanchard-Chessi |c 1907 | ||
| 300 | |a 26 p | ||
| 500 | |a 8§.- v.: Indice de Documentos Inéditos. Edición de 50 ejemplares.- v. en bl.- Port.- v. en bl.- Chiappa-Feliú Cruz N§, 230 | ||
| 583 | |a last modification |c 20070124 00:00:00 |k Rodrigo Vera | ||
| 600 | 0 | 7 | |a COLECCION DE DOCUMENTOS INEDITOS PARA LA HISTORIA DE CHILE |2 CL-VaPUC |9 512301 |
| 650 | 7 | |a DIRECTORIOS |2 CL-VaPUC |9 257460 | |
| 650 | 0 | |a Ìndices |9 258316 | |
| 650 | 0 | |a Historia de Chile |9 265473 | |
| 942 | |c BK |2 ddc | ||
| 945 | |d 20070124 00:00:00 |a rinostro | ||
| 952 | |0 0 |1 0 |4 0 |6 983_000000000000000_MED_1907 |7 0 |8 X |9 401124 |a FDOBUD |b FDOBUD |d 2019-11-22 |i 1008420 |o 983 MED 1907 |p 1008420 |r 2019-11-22 |w 2019-11-22 |y BK_X |k BUD | ||